000 00691cab a2200253 4500
001 ABS49433
008 090401t1993 xxu||||| |||| 00| 0 eng d
035 _a(Sirsi) u71222
041 _aeng
110 _aDavis Langdon and Everest
_91155
245 _aCost check : student residences
260 _c1993
350 _a0
490 _aBuilding
_v258(7816) 22 October 1993, 37-42(6)
650 _aBUILT ENVIRONMENT-BUILDING COSTS
650 _aCOST ANALYSIS
650 _aCOST MODEL
650 _aEDUCATIONAL BUILDINGS
650 _aPROCUREMENT METHODS
650 _aSTUDENT ACCOMMODATION
690 _aBUILDING AND CONSTRUCTION-PROJECTS
942 _n0
948 _c04/03/1997
999 _c44870
_d44870